00429nam a22001577a 450000500170000000800410001702000270005804000090008504100120009408200150010610000220012124500530014326000460019630000080024265000210025020260603123245.0260603b |||||||| |||| 00| 0 eng d a9783540854173c5290.00 aMAIN aEnglish a536.7bHEL aHelrich, Carl S.  aModern Thermodynamics with Statistical Mechanics aUnited State of America bSpringer c2009 a402 aPhysics (PM USHA